KAM - Vándormunka - otthonról nézve
Elmentve itt :
| Szerző: | |
|---|---|
| Adatforrás: | Meister |
| Forrásdokumentuma: | Antropológiai Műhely. - 3.6 sz., 1994, p. |
| Nyelv: | magyar |
| Kulcsszavak: | antropológia szociológia alapítványok migráció feketemunka magyar-magyar viszony társadalmi mobilitás vendégmunka migráció & intézmények intézmények & migráció migráció & család család & migráció kilépési gyakorlat külföldi munkavállalás család társadalom feketegazdaság Székelyföld Magyarország OLÁH Sándor HOFER Tamás Illyés Közalapítvány |
| LEADER | 01039nab a2200373 i 4500 | ||
|---|---|---|---|
| 001 | bibPRO00010377 | ||
| 008 | 060524s1994 xx hun | ||
| 040 | |a Sz1 | ||
| 041 | |a hun | ||
| 100 | 1 | |a ZZZ | |
| 245 | 1 | 0 | |a KAM - Vándormunka - otthonról nézve |c ZZZ |
| 695 | |a antropológia | ||
| 695 | |a szociológia | ||
| 695 | |a alapítványok | ||
| 695 | |a migráció | ||
| 695 | |a feketemunka | ||
| 695 | |a magyar-magyar viszony | ||
| 695 | |a társadalmi mobilitás | ||
| 695 | |a vendégmunka | ||
| 695 | |a migráció & intézmények | ||
| 695 | |a intézmények & migráció | ||
| 695 | |a migráció & család | ||
| 695 | |a család & migráció | ||
| 695 | |a kilépési gyakorlat | ||
| 695 | |a külföldi munkavállalás | ||
| 695 | |a család | ||
| 695 | |a társadalom | ||
| 695 | |a feketegazdaság | ||
| 695 | |a Székelyföld | ||
| 695 | |a Magyarország | ||
| 695 | |a OLÁH Sándor | ||
| 695 | |a HOFER Tamás | ||
| 695 | |a Illyés Közalapítvány | ||
| 773 | 0 | |t Antropológiai Műhely. - |g 3.6 sz., 1994, p. | |